000 00653nam a2200241 i 4500
001 C2-0077051
003 PPAK
005 20180727082444.0
008 970429s sp |||| ||||| | eng d
020 _a847741100X
040 _aPPAK
_beng
_cPPAK
_erda
082 0 4 _a649.1
_223
090 0 0 _a649.1
_bCLA
_dR
245 0 0 _aClassic furniture
250 _aCerver, Francisco Asensio
264 1 _aBarcelona, Spain :
_bEdiciones Atrium, SA. ,
_c[date of publication not identified]
336 _2rdacontent
_atext
337 _2rdamedia
_aunmediated
338 _2rdacarrier
_avolume
500 _aVol. 1 & 2
650 1 0 _aFurniture
942 _ddc
_cB
999 _c12251
_d12251